Kvantitatívne uvoľňovanie ako nástroj monetárnej politiky a jeho efekty

Hlavným cieľom monetárnej politiky je stabilizácia cenovej hladiny a ekonomického cyklu. Vývoj cien je veľmi tesne spojený so stavom ekonomiky a fázou ekonomického cyklu. Ak ekonomika rastie príliš rýchlo a blíži sa k svojmu potenciálu (prehrievanie ekonomiky), cenové tlaky sa stupňujú v dôsledku rý...

Description complète

Enregistré dans:
Détails bibliographiques
Auteur principal: Piovarčiová, Veronika, 1951-
Format: Chapitre de livre
Langue:slovaque
Sujets:
Tags: Ajouter un tag
Pas de tags, Soyez le premier à ajouter un tag!

MARC

LEADER 00000naa$a2200000$$$4500
001 0260921
005 20241121133149.3
041 0 |a slo 
044 |a SK 
245 1 0 |a Kvantitatívne uvoľňovanie ako nástroj monetárnej politiky a jeho efekty  |c Veronika Piovarčiová 
520 |a Hlavným cieľom monetárnej politiky je stabilizácia cenovej hladiny a ekonomického cyklu. Vývoj cien je veľmi tesne spojený so stavom ekonomiky a fázou ekonomického cyklu. Ak ekonomika rastie príliš rýchlo a blíži sa k svojmu potenciálu (prehrievanie ekonomiky), cenové tlaky sa stupňujú v dôsledku rýchlejšieho rastu miezd oproti rastu produktivity. 
610 2 0 |a ceny 
610 2 0 |a cykly hospodárske 
610 2 0 |a banky centrálne 
610 2 0 |a mzdy 
610 2 0 |a uvoľňovanie kvantitatívne 
100 1 |a Piovarčiová, Veronika, 1951-